Vývoj programových modulov pre diagnostiku porúch DUS pomocou Petriho sietí v jazyku C++

Gespeichert in:
Bibliographische Detailangaben
Hauptverfasser: Jombík, Ondrej (Verfasst von), Juhás, Gabriel, 1969- (Verfasst von)
Weitere Verfasser: Flochová, Jana (Betreuung Doktorarbeit)
Format: Manuskript Buch
Sprache:Slowakisch
Veröffentlicht: Bratislava : STU v Bratislave FEI, 2006
Schlagworte:
Tags: Tag hinzufügen
Keine Tags, Fügen Sie das erste Tag hinzu!

MARC

LEADER 00000ntm a22000003a 4500
001 stu120783
005 20171115172108.8
008 060615s2006----xo------------------slo-d
040 |a STU  |b slo 
041 0 |a slo 
044 |a xo 
100 1 |a Jombík, Ondrej  |4 aut 
245 1 |a Vývoj programových modulov pre diagnostiku porúch DUS pomocou Petriho sietí v jazyku C++ 
260 |a Bratislava :  |b STU v Bratislave FEI,  |c 2006 
300 |a 90 s 
650 7 |a automatizácia  |2 stusub 
700 1 |a Flochová, Jana  |4 ths  |u E260  |U FEI Fakulta elektrotechniky a informatiky  |T FEI Katedra automatizovaných systémov riadenia  |X 3540  |U E260  |Y 595  |7 3540 
700 1 |a Juhás, Gabriel,  |d 1969-  |4 aut  |u E050  |U FEI Fakulta elektrotechniky a informatiky  |T FEI Ústav informatiky a matematiky  |X 4971  |U E050  |Y 816  |7 A000004971